000 00850cab a2200265 4500
001 ABS53653
008 090401t1995 xxu||||| |||| 00| 0 eng d
035 _a(Sirsi) u5630
041 _aeng
100 _aTutcher, S.
245 _aCo-ordination is the ticket in the great rating revaluation
260 _c1995
350 _a0
490 _aProperty Week
_v52(13) 28 September 1995, 28(1)
520 _aDiscusses the role of the British Retail Consortium`s committees of surveyors who negotiate a basis assessment with the Valuation Office for the 1995 revaluation.
650 _aBRC COMMITTEES
650 _aBRITISH RETAIL CONSORTIUM
650 _aRATING LIST
650 _aRETAIL PROPERTY
650 _aRATING REVALUATION 1995
650 _aVALUATION OFFICE
690 _aRATING AND VALUATION
942 _n0
948 _c04/03/1997
999 _c3360
_d3360